| 000 | 01904nam a2200325 4500 | ||
|---|---|---|---|
| 001 | 78037 | ||
| 003 | BD-RjUL | ||
| 005 | 20211209083100.0 | ||
| 008 | 210308q19601969ua 000 0 ara | ||
| 035 | _a(BD-RjUL)78263 | ||
| 040 |
_aDLC _cTxU _dTxU _dMH _dCStRLIN _dCtY _dUkOxU _beng |
||
| 041 | _aara | ||
| 082 |
_223 _a297.814 _bSHM 1969 |
||
| 100 | 0 |
_aMuḥammad ibn ʿAbd al-Wahhāb, _d1703 or 1704-1792. _9245740 |
|
| 245 | 1 | 0 |
_aMukhtaṣar al-inṣāf wa-al-sharḥ al-kabīr : _bfī fiqh Imām al-Sunnah Aḥmad ibn Ḥanbal al-Shaybānī / _cikhtaṣarahumā Muḥammad ibn ʿAbd al-Wahhāb. |
| 260 |
_6880-03 _a[Cairo] : _bal-Maṭbaʿah al-Salafīyah wa-Maktabatuhā, _c[196-?] |
||
| 300 |
_a512 p. ; _c25 cm. |
||
| 500 | _aAn abridgment of al-Mardāwīʼs al-Inṣāf, and of ʿAbd al-Raḥmān ibn Qudāmahʼs al-Sharḥ al-kabīr, both commentaries on Muwaffaq al-Dīn ibn Qudāmahʼs al-Muqniʿ. | ||
| 600 | 1 | 0 |
_aIbn Qudāmah, Muwaffaq al-Dīn ʿAbd Allāh ibn Aḥmad, _d1147-1223. _tMuqniʿ. _9245746 |
| 650 | 0 |
_aIslamic law. _9245742 |
|
| 650 | 0 |
_aHanbalites. _9245743 |
|
| 700 | 1 |
_aIbn Qudāmah, ʿAbd al-Raḥmān ibn Muḥammad, _d1200 or 1201-1283 or 1284. _9245747 |
|
| 700 | 1 |
_aMardāwī, ʿAlī ibn Sulaymān, _d1414 or 1415-1480 or 1481. _9245745 |
|
| 880 | 0 |
_6100-01/(3/r _aمحمد بن عبد الوهاب. |
|
| 880 | 1 | 0 |
_6245-02/(3/r _aمختصر الإنصاف والشرح الكبير : _bفي فقه إمام السنة أحمد بن حنبل الشيباني / _cاختصرهما محمد بن عبد الوهاب. |
| 880 |
_6260-03/(3/r _a[القاهرة] : _bالمطبعة السلفية ومكتبتها، _c[-٦٩١؟] |
||
| 880 | 1 |
_6700-04/(3/r _aابن قدامة، عبد الرحمن بن محمد. _tشرح الكبير. |
|
| 880 | 1 |
_6700-05/(3/r _aمرداوي، علي بن سليمان. _tإنصاف في معرفة الراجح من الخلاف. |
|
| 942 |
_2ddc _cBK |
||
| 999 |
_c78037 _d78037 |
||